000 00629cam a22002053a 4500
001 40253
003 PGUSA
005 20140828083909.0
008 120716s2012||||xxu|||||s|||||000 | eng d
040 _aPGUSA
_beng
042 _adc
100 1 _aEyerman, John
245 1 0 _aPeachmonk :
_bA Serio-Comic Detective Tale in Which No Fire-Arms Are Used and No One is Killed
_h[electronic resource] /
_cJohn Eyerman
260 _bProject Gutenberg,
_c2012
506 _aPublic domain in the USA.
516 _aElectronic text
830 0 _aProject Gutenberg
_v40253
856 4 0 _uhttp://www.gutenberg.org/ebooks/40253
942 _cEB
999 _c269506
_d269506